| 000 | 00778nam a22001937a 4500 | ||
|---|---|---|---|
| 005 | 20230901154648.0 | ||
| 010 | _aHIN-125771 | ||
| 020 |
_a978939269614 _c695.00 |
||
| 035 | _aHn-98117 | ||
| 082 | _a233 | ||
| 100 |
_aमिश्र, राजेंद्र _955807 |
||
| 245 |
_aभारतीय संस्कृति और राष्टवाद / _cराजेंद्र मिश्र |
||
| 260 |
_aनई दिल्ली _bइन्द्रप्रथा प्रकाशन _c2021 |
||
| 270 |
_aके-71 कृष्णा नगर _bनई दिल्ली _e110051 |
||
| 300 |
_a272 पृ. _c23 सेमी.(सजिल्द) |
||
| 700 | _955805 | ||
| 942 |
_2ddc _cHN _h233 _mमिश्रर |
||
| 999 |
_c197774 _d197774 |
||